De l'essence de la tragédie grecque

Збережено в:
Бібліографічні деталі
Автор: Festugière, A. J (Автор)
Формат: Книга
Мова:Французька
Опубліковано: París Aubier-Montaigne 1969
Предмети:
Теги: Додати тег
Немає тегів, Будьте першим, хто поставить тег для цього запису!

MARC

LEADER 00000nam a2200000 a 4500
001 UCZ3391
003 CL-VaPUC
008 951020e19690000FR |||||||||||||||||fre|d
082 0 4 |a 880.9  |b FES  |2 21 
100 0 |a Festugière, A. J  |e author  |9 347173 
245 1 0 |a De l'essence de la tragédie grecque 
300 |a 142 p 
942 |c BK 
945 |d 19951020 00:00:00  |a cmena 
260 |a París  |b Aubier-Montaigne  |c 1969 
650 0 |a Tragedia griega  |9 265362 
650 7 |a TEATRO GRIEGO  |2 CL-VaPUC  |9 347174 
650 0 |a Historia y estudios conexos  |9 338055 
583 |a last modification  |c 19951020 00:00:00  |k Rodrigo Vera 
999 |c 239872  |d 239870 
952 |0 0  |1 0  |4 0  |6 880_900000000000000_FES_1969  |7 0  |8 P  |9 251329  |a BIBEDU  |b BIBEDU  |c BIBEDU_PB  |d 2019-11-18  |i 1587234  |o 880.9 FES 1969  |p 1587234  |r 2024-01-25  |w 2019-11-18  |y BK  |k FIL